Noch aktive Bundesligaspieler mit den meisten Einsätzen - Statistiken

Allgemein
  • Dieses Quiz wurde 319 mal gespielt
    76 seit der letzten Aktualisierung
  • Das Durchschnittsergebnis liegt bei 19 aus 31
Antwortstatistiken
Einsätze Verein 25/26 Spieler % Korrekt
523 Bayern Manuel Neuer
100%
295 Bayern Joshua Kimmich
94%
375 Wolfsburg Maxi Arnold
92%
489 Hoffenheim Oliver Baumann
92%
380 Freiburg Matthias Ginter
84%
286 Hoffenheim Andrej Kramaric
81%
296 Bayern Leon Goretzka
81%
273 Freiburg Vincenzo Grifo
81%
317 Frankfurt Mario Götze
79%
354 Dortmund Julian Brandt
78%
346 Freiburg Christian Günter
76%
325 Frankfurt Kevin Trapp
75%
289 Dortmund Niklas Süle
70%
307 Bayern Jonathan Tah
63%
284 Mainz Stefan Bell
62%
275 Leverkusen Jonas Hofmann
57%
256 Mainz Nadiem Amiri
52%
280 Freiburg Nicolas Höfler
52%
287 Bremen Leo Bittencourt
51%
285 Gladbach Nico Elvedi
51%
262 Frankfurt Timothy Chandler
49%
306 Mainz Dominik Kohr
48%
284 Freiburg Maxi Eggestein
44%
258 Augsburg Jeffrey Gouweleeuw
41%
276 Wolfsburg Yannick Gerhardt
41%
267 Leipzig Kevin Kampl
40%
270 Bremen Niklas Stark
40%
257 Leipzig Timo Werner
40%
270 Freiburg Michael Gregoritsch
37%
255 Union Rani Khedira
37%
254 Köln Ron-Robert Zieler
25%
Keine übereinstimmenden Quizze gefunden
Verteilung der Resultate
Anzahl Personen mit jedem Resultat
Perzentil nach korrekt beantworteten Fragen
Ihre Resultats-Entwicklung
Sie haben dieses Quiz seit der letzten Aktualisierung nicht gespielt